Lectura de La significación del falo /
Guía didáctica para la lectura del artículo "La significación del falo", de Jacques Lacan, en que se resumen los cursos impartidos por la autora en la Universdad de Buenos Aires.
Enregistré dans:
| Auteur principal: | |
|---|---|
| Format: | Livre |
| Langue: | espagnol |
| Publié: |
Buenos Aires, Argentina :
Manantial,
1995, c1995
|
| Sujets: | |
| Tags: |
Pas de tags, Soyez le premier à ajouter un tag!
|
MARC
| LEADER | 00000nam^a2200000^a^4500 | ||
|---|---|---|---|
| 001 | 000138590 | ||
| 005 | 20250521000000.0 | ||
| 009 | 20260310095432.702 | ||
| 020 | |a 950-9515-93-0 | ||
| 037 | |a Acervo ITESO - Biblioteca | ||
| 041 | |a ESP | ||
| 082 | |a 150. 1957 |b LAC CRI RAB | ||
| 100 | |a Rabinovich, Diana S. |e (autor) | ||
| 245 | 1 | 0 | |a Lectura de La significación del falo / |c D.S. Rabinovich. |
| 264 | 4 | |a Buenos Aires, Argentina : |b Manantial, |c 1995, c1995 | |
| 300 | |a 89 p. | ||
| 336 | |a texto |b txt |2 rdacontenido | ||
| 337 | |a sin mediación |b n |2 rdamedio | ||
| 338 | |a volumen |b nc |2 rdasoporte | ||
| 520 | |a Guía didáctica para la lectura del artículo "La significación del falo", de Jacques Lacan, en que se resumen los cursos impartidos por la autora en la Universdad de Buenos Aires. | ||
| 649 | |a XX | ||
| 650 | |a Ansiedad de Castración | ||
| 650 | |a Fase Fálica | ||
| 650 | |a Diferencia y Otredad | ||
| 650 | |a Desarrollo Sexual | ||
| 650 | |a Sexualidad | ||
| 650 | |a Psicoanálisis Lacaniano | ||
| 650 | |a Escuela Francesa de Psicoanálisis | ||
| 650 | |a Psicoanálisis Freudiano | ||
| 650 | |a Lacan, Jacques | ||
| 910 | |a Fondo General | ||
| 920 | |a Impresos - Libros | ||
| 930 | |a Colección General | ||
| 905 | |a 101 | ||
| 901 | |a 0500004820 |b IT1 |c ACC |u 20250521 | ||
| 902 | |a https://opac.biblio.iteso.mx/vufind/Record/000138590 | ||